000 00524nam a2200217Ia 4500
003 OSt
005 20230503105918.0
008 210423s2020 xx 000 0 und d
020 _a9781542094139
040 _cAL
041 _aeng
082 _a823
_223
_bBHAO
100 _aBHAGAT (Chetan)
_996676
245 _aOne arranged murder
260 _aSeattle
_bWestland
_c2020
300 _av,303
_bPB
365 _b225
_cINR
650 _aEnglish Fiction
_996677
906 _aarranged ; murder ; One
942 _2ddc
_cBK
999 _c170744
_d170744